000 00285nam a2200121Ia 4500
008 190216s9999||||xx |||||||||||||| ||und||
100 _aLytton Strachey
245 0 _aQueen Victoria
260 _bAllied Publications
_c1973
300 _a255p
650 _aEnglish Stories
942 _cBK
999 _c12862
_d12862